Going round borders of Countries with most Neighbours - Statistics

General Stats
  • This quiz has been taken 101 times
  • The average score is 35 of 59
Answer Stats
COUNTRY % Correct
Mongolia
89%
Finland
80%
Russia
78%
North Korea
73%
Norway
73%
Vietnam
70%
Laos
68%
Burma
66%
Mongolia
66%
Argentina
65%
Belarus
65%
China
65%
Georgia
65%
North Korea
65%
Ukraine
65%
Bhutan
64%
France (French Guiana)
64%
India
64%
Kazakhstan
64%
Nepal
64%
Azerbaijan
63%
Latvia
63%
Luxembourg
63%
Uruguay
63%
Afghanistan
61%
Belgium
61%
Colombia
61%
Denmark
61%
Estonia
61%
Paraguay
61%
China
60%
India
60%
India
60%
Pakistan
60%
Peru
60%
Venezuela
60%
Bolivia
59%
Netherlands
59%
Austria
58%
Czech Republic
58%
Guyana
58%
Kazakhstan
58%
Poland
58%
Switzerland
58%
France
56%
Kyrgyzstan
56%
Suriname
56%
Tajikistan
55%
Russia
54%
Republic of the Congo
48%
Burundi
46%
Central African Republic
45%
Tanzania
45%
Zambia
45%
Angola
44%
Rwanda
44%
South Sudan
43%
Uganda
43%
Angola (Cabinda)
40%
No matching quizzes found
Score Distribution
Percent of People with Each Score
Percentile by Number Answered
Your Score History
You have not taken this quiz